Normal view
MARC view
- Greenough, James Bradstreet, 1833-1901
Entry Personal Name
001 - CONTROL NUMBER
- control field: 22482
003 - CONTROL NUMBER IDENTIFIER
- control field: OSt
005 - DATE AND TIME OF LATEST TRANSACTION
- control field: 20110623091412.0
008 - FIXED-LENGTH DATA ELEMENTS
- fixed length control field: 110623|||a|||||| | ||| d
040 ## - CATALOGING SOURCE
- Original cataloging agency: OSt
- Transcribing agency: OSt
100 ## - HEADING--PERSONAL NAME
- Personal name: Greenough, James Bradstreet, 1833-1901
670 ## - SOURCE DATA FOUND
- Source citation: Work cat.: (OSt): Greenough, James Bradstreet, 1833-1901, Words and their ways in English speech, 1929
670 ## - SOURCE DATA FOUND
- Source citation: Work cat.: (OSt): Greenough, James Bradstreet, 1833-1901, Words and their ways in English speech, 1929
